[Event "Karlsruhe Grenke"]
[Site "Karlsruhe"]
[Date "2024.03.31"]
[Round "10"]
[White "Fridman, Daniel"]
[Black "Rapport, Richard"]
[Result "1/2-1/2"]
[WhiteElo "2590"]
[BlackElo "2720"]
[PlyCount "161"]
[EventDate "2024.03.26"]
[EventType "tourn"]
[EventRounds "10"]
[EventCountry "GER"]
[EventCategory "20"]
[SourceTitle "CB14_2024"]
[SourceDate "2024.04.01"]
[SourceVersion "1"]
[SourceVersionDate "2024.04.01"]
[SourceQuality "1"]

1. d4 Nf6 2. Nf3 b6 3. g3 Bb7 4. Bg2 e6 5. c4 Be7 6. 0-0 0-0 7. Re1 a5 8. Bf4 d6 9. Nc3 Ne4 10. Na4 Ra7 11. Rc1 Nd7 12. Nd2 Nxd2 13. Qxd2 Bxg2 14. Kxg2 e5 15. dxe5 dxe5 16. Red1 Qa8+ 17. f3 Rd8 18. Bg5 f6 19. Be3 e4 20. Qd5+ Qxd5 21. cxd5 exf3+ 22. exf3 Rb7 23. Nc3 Bc5 24. Bxc5 Nxc5 25. Ne4 Kf7 26. Nxc5 bxc5 27. b3 Rb5 28. Rd3 a4 29. bxa4 Ra5 30. Rc4 Rd6 31. Rb3 Rxd5 32. Rb7 Rd7 33. Rb5 Rxb5 34. axb5 Rd2+ 35. Kh3 Rxa2 36. Rxc5 Ra7 37. Kg4 Ke6 38. Rh5 Kf7 39. Rxh7 c6 40. bxc6 Rc7 41. Rh8 Rxc6 42. h4 Rc4+ 43. f4 Rc3 44. h5 Ra3 45. Rb8 Rc3 46. Kh4 Rf3 47. Rb4 Rf1 48. Ra4 Kg8 49. Kg4 Rh1 50. Ra5 Kh7 51. Kf3 Rf1+ 52. Kg2 Rb1 53. g4 Rb3 54. Ra7 Rc3 55. Re7 Ra3 56. Kf2 Kh6 57. Re8 Kh7 58. Re3 Ra8 59. Kg3 Ra4 60. Kf3 Ra8 61. Rd3 Re8 62. Rd7 Kh6 63. Rd6 Kh7 64. g5 fxg5 65. fxg5 Ra8 66. Re6 Kg8 67. Kf4 Ra4+ 68. Re4 Ra8 69. Kf5 Ra5+ 70. Re5 g6+ 71. hxg6 Ra6 72. Re6 Ra1 73. Re8+ Kg7 74. Re7+ Kg8 75. g7 Ra6 76. Rb7 Rc6 77. Kg4 Rc1 78. Kh5 Rc6 79. g6 Rc5+ 80. Kh6 Rh5+ 81. Kxh5 1/2-1/2

[Event "Karlsruhe Grenke"]
[Site "Karlsruhe"]
[Date "2024.03.31"]
[Round "9"]
[White "Rapport, Richard"]
[Black "Vachier Lagrave, Maxime"]
[Result "1/2-1/2"]
[WhiteElo "2720"]
[BlackElo "2728"]
[PlyCount "88"]
[EventDate "2024.03.26"]
[EventType "tourn"]
[EventRounds "10"]
[EventCountry "GER"]
[EventCategory "20"]
[SourceTitle "CB14_2024"]
[SourceDate "2024.04.01"]
[SourceVersion "1"]
[SourceVersionDate "2024.04.01"]
[SourceQuality "1"]

1. d4 Nf6 2. c4 e6 3. Nf3 d5 4. Bg5 h6 5. Bxf6 Qxf6 6. Nc3 Bb4 7. e3 0-0 8. Rc1 c6 9. Bd3 Nd7 10. 0-0 Qe7 11. a3 Bd6 12. c5 Bc7 13. e4 dxe4 14. Bxe4 e5 15. Re1 Qd8 16. Bb1 exd4 17. Qd3 g6 18. Ba2 Kh7 19. Qxd4 Ne5 20. Qxd8 Nxf3+ 21. gxf3 Bxd8 22. Ne4 Bh3 23. Nd6 Bg5 24. Rcd1 Kg7 25. f4 Bxf4 26. Re7 b6 27. Rd3 Bxd6 28. cxd6 Bf5 29. Rc3 c5 30. b4 Rad8 31. bxc5 bxc5 32. Rxc5 Rxd6 33. Rcc7 Kf6 34. Rxf7+ Rxf7 35. Rxf7+ Kg5 36. Rxa7 Be4 37. Bb3 Rc6 38. Rd7 Bf3 39. h3 h5 40. Kh2 Rc1 41. Bd5 Rd1 42. Be6 Ra1 43. Bd5 Rd1 44. Be6 Ra1 1/2-1/2

[Event "Karlsruhe Grenke"]
[Site "Karlsruhe"]
[Date "2024.03.27"]
[Round "4"]
[White "Rapport, Richard"]
[Black "Fridman, Daniel"]
[Result "1-0"]
[WhiteElo "2720"]
[BlackElo "2590"]
[PlyCount "49"]
[EventDate "2024.03.26"]
[EventType "tourn"]
[EventRounds "10"]
[EventCountry "GER"]
[EventCategory "20"]
[SourceTitle "CB14_2024"]
[SourceDate "2024.04.01"]
[SourceVersion "1"]
[SourceVersionDate "2024.04.01"]
[SourceQuality "1"]

1. e4 e6 2. d3 c5 3. g3 Nc6 4. Bg2 g6 5. f4 Bg7 6. Nf3 Nge7 7. 0-0 0-0 8. c3 d6 9. a4 b6 10. Na3 Rb8 11. Be3 Ba6 12. Bf2 Qd7 13. Re1 Rbd8 14. d4 cxd4 15. cxd4 Nb4 16. Nb5 Rc8 17. Re2 Bxb5 18. axb5 Qxb5 19. Rxa7 Nd3 20. Bf1 Rc1 21. Qd2 Nc6 22. Ra3 Ncb4 23. Ne1 Nxe1 24. Qxc1 Nbd3 25. Rxe1 1-0

[Event "Prague Masters 6th"]
[Site "Prague"]
[Date "2024.02.29"]
[Round "3"]
[White "Praggnanandhaa, Rameshbabu"]
[Black "Rapport, Richard"]
[Result "0-1"]
[WhiteElo "2747"]
[BlackElo "2717"]
[PlyCount "66"]
[EventDate "2024.02.26"]
[EventType "tourn"]
[EventRounds "9"]
[EventCountry "CZE"]
[EventCategory "19"]
[SourceTitle "CB11_2024"]
[SourceDate "2024.03.13"]
[SourceVersion "1"]
[SourceVersionDate "2024.03.13"]
[SourceQuality "1"]

1. d4 Nf6 2. c4 g6 3. Nc3 Bg7 4. e4 d6 5. h3 0-0 6. Be3 Nc6 7. d5 Ne5 8. f4 Ned7 9. Nge2 c6 10. Ng3 Ne8 11. Be2 e6 12. dxe6 fxe6 13. h4 Bf6 14. Bd3 Nc5 15. Bc2 Qa5 16. Qd2 Qb4 17. 0-0-0 Qxc4 18. h5 b5 19. e5 dxe5 20. Bxc5 Qxc5 21. Nge4 Qe7 22. Nxf6+ Qxf6 23. g3 exf4 24. hxg6 fxg3 25. g7 Rf7 26. Rxh7 e5 27. Rh8+ Kxg7 28. Rxe8 Qf4 29. Rh1 Qxd2+ 30. Kxd2 Rf2+ 31. Ke3 Rxc2 32. Rhh8 Be6 33. Rxa8 g2 0-1

[Event "Prague Masters 6th"]
[Site "Prague"]
[Date "2024.02.27"]
[Round "1"]
[White "Gukesh, Dommaraju"]
[Black "Rapport, Richard"]
[Result "1/2-1/2"]
[WhiteElo "2743"]
[BlackElo "2717"]
[PlyCount "79"]
[EventDate "2024.02.26"]
[EventType "tourn"]
[EventRounds "9"]
[EventCountry "CZE"]
[EventCategory "19"]
[SourceTitle "CB11_2024"]
[SourceDate "2024.03.13"]
[SourceVersion "1"]
[SourceVersionDate "2024.03.13"]
[SourceQuality "1"]

1. e4 c5 2. Nf3 d6 3. d4 cxd4 4. Nxd4 Nf6 5. Nc3 Nc6 6. Bg5 Bd7 7. Qd2 a6 8. 0-0-0 e6 9. f3 Nxd4 10. Qxd4 Be7 11. Kb1 Qc7 12. Qd2 b5 13. h4 b4 14. Ne2 a5 15. c4 e5 16. Ng3 h6 17. Be3 h5 18. Be2 g6 19. Nf1 Be6 20. Bf2 Qb7 21. Ne3 0-0 22. Bd3 Rfc8 23. Nd5 Bxd5 24. exd5 Bf8 25. g4 b3 26. a3 e4 27. Bd4 exd3 28. Bxf6 Qa6 29. gxh5 Qxc4 30. Qxd3 Qc2+ 31. Ka1 Qxd3 32. Rxd3 a4 33. Rg1 Rc4 34. Bc3 Rxh4 35. hxg6 fxg6 36. Rxg6+ Kh7 37. Rg1 Bh6 38. Re1 Rf8 39. Re7+ Kg8 40. Re1 1/2-1/2

[Event "Wch Blitz"]
[Site "Samarkand"]
[Date "2023.12.30"]
[Round "21"]
[White "Rapport, Richard"]
[Black "Indjic, Aleksandar"]
[Result "1/2-1/2"]
[WhiteElo "2731"]
[BlackElo "2589"]
[PlyCount "67"]
[EventDate "2023.12.29"]
[EventType "swiss (blitz)"]
[EventRounds "21"]
[EventCountry "UZB"]
[SourceTitle "CB01_2024"]
[SourceDate "2024.01.03"]
[SourceVersion "1"]
[SourceVersionDate "2024.01.03"]
[SourceQuality "1"]

1. e4 e5 2. Nc3 Nf6 3. Bc4 Bc5 4. d3 Nc6 5. h3 0-0 6. Nge2 Na5 7. 0-0 Nxc4 8. dxc4 a6 9. a4 d6 10. Ng3 Bd4 11. Nce2 Ba7 12. Qd3 Bd7 13. Kh1 Re8 14. Nc3 Bd4 15. Nce2 Ba7 16. b3 h6 17. Be3 Bxe3 18. fxe3 Be6 19. Nc3 Nh7 20. a5 Qg5 21. Rf3 Qh4 22. Nf5 Bxf5 23. Rxf5 g6 24. Rff1 Ng5 25. Kh2 Kg7 26. Nd5 Rac8 27. Nf6 Re6 28. Ng4 h5 29. Nf2 Nh7 30. g3 Qe7 31. Nd1 h4 32. g4 Ng5 33. Nc3 c6 34. Na4 1/2-1/2

[Event "Wch Blitz"]
[Site "Samarkand"]
[Date "2023.12.30"]
[Round "12"]
[White "Vokhidov, Shamsiddin"]
[Black "Rapport, Richard"]
[Result "1/2-1/2"]
[WhiteElo "2596"]
[BlackElo "2731"]
[PlyCount "116"]
[EventDate "2023.12.29"]
[EventType "swiss (blitz)"]
[EventRounds "21"]
[EventCountry "UZB"]
[SourceTitle "CB01_2024"]
[SourceDate "2024.01.03"]
[SourceVersion "1"]
[SourceVersionDate "2024.01.03"]
[SourceQuality "1"]

1. e4 c6 2. d4 d5 3. e5 Bf5 4. h4 a6 5. h5 c5 6. dxc5 Nc6 7. Nf3 e6 8. Be3 Bg4 9. c3 Nh6 10. Bxh6 gxh6 11. Nbd2 Bxc5 12. Qa4 Bxf3 13. Nxf3 Qb6 14. Qc2 Rc8 15. Bd3 Rg8 16. Kf1 Rg4 17. Qe2 Kd7 18. Rd1 Rcg8 19. g3 Kc8 20. Bxh7 R8g7 21. Bd3 Qc7 22. Re1 Ba7 23. Rh4 Qb6 24. Rxg4 Rxg4 25. Kg2 Rg8 26. Rf1 Qc7 27. Re1 Qb6 28. b4 Kb8 29. a3 Rd8 30. Qd2 Rh8 31. Re2 Qc7 32. Qf4 Qe7 33. c4 dxc4 34. Bxc4 Bb6 35. Bd3 Rd8 36. Be4 Nd4 37. Nxd4 Bxd4 38. Bf3 Qc7 39. Rd2 Bb6 40. Rxd8+ Qxd8 41. Qxf7 Qc8 42. Be4 Bd4 43. f4 Ba7 44. Kh3 Bb6 45. a4 Bc7 46. b5 axb5 47. axb5 Ka7 48. Bf3 Kb6 49. Bg4 Kxb5 50. Qxe6 Qa8 51. Qb3+ Kc5 52. Bf3 Kd4 53. Qxb7 Qd8 54. Qe4+ Kc5 55. Qc6+ Kd4 56. Bg4 Ke3 57. Qf3+ Kd2 58. Qd1+ Ke3 1/2-1/2

[Event "Wch Blitz"]
[Site "Samarkand"]
[Date "2023.12.29"]
[Round "1"]
[White "Khusnutdinov, Rustam"]
[Black "Rapport, Richard"]
[Result "0-1"]
[WhiteElo "2429"]
[BlackElo "2731"]
[PlyCount "92"]
[EventDate "2023.12.29"]
[EventType "swiss (blitz)"]
[EventRounds "21"]
[EventCountry "UZB"]
[SourceTitle "CB01_2024"]
[SourceDate "2024.01.03"]
[SourceVersion "1"]
[SourceVersionDate "2024.01.03"]
[SourceQuality "1"]

1. Nc3 d5 2. d4 c6 3. Bf4 Bf5 4. e3 e6 5. Nf3 Nd7 6. Bd3 Bg6 7. 0-0 Ngf6 8. a3 Be7 9. Re1 Bh5 10. e4 Nb6 11. e5 Nfd7 12. b4 a5 13. Rb1 axb4 14. axb4 Ra3 15. Bd2 Nc4 16. Be2 Ndb6 17. Qc1 0-0 18. Nd1 Ra2 19. Ne3 Nxe3 20. Bxe3 Nc4 21. Nd2 Bg6 22. Bd3 b5 23. Nf3 Bh5 24. Nd2 Qd7 25. Nf1 Rfa8 26. Ng3 Bg6 27. f4 Bh4 28. Rf1 Bxg3 29. hxg3 Be4 30. g4 R8a3 31. Rd1 Rc3 32. Ra1 Rxa1 33. Qxa1 Ra3 34. Qc1 Qa7 35. Bf2 Ra2 36. f5 Nb2 37. Qg5 h6 38. Qd8+ Kh7 39. f6 Qa8 40. Qe7 Nxd1 41. Bxe4+ dxe4 42. Qxf7 Ra7 43. Qxe6 Nxf2 44. Qf5+ Kg8 45. e6 gxf6 46. Kxf2 Qf8 0-1

[Event "Wch Blitz"]
[Site "Samarkand"]
[Date "2023.12.29"]
[Round "6"]
[White "Rapport, Richard"]
[Black "Christiansen, Johan Sebastian"]
[Result "1/2-1/2"]
[WhiteElo "2731"]
[BlackElo "2618"]
[PlyCount "127"]
[EventDate "2023.12.29"]
[EventType "swiss (blitz)"]
[EventRounds "21"]
[EventCountry "UZB"]
[SourceTitle "CB01_2024"]
[SourceDate "2024.01.03"]
[SourceVersion "1"]
[SourceVersionDate "2024.01.03"]
[SourceQuality "1"]

1. Nf3 d5 2. g3 g6 3. Bg2 Bg7 4. 0-0 e5 5. d3 Ne7 6. e4 dxe4 7. dxe4 Qxd1 8. Rxd1 Bg4 9. h3 Bxf3 10. Bxf3 0-0 11. Na3 Nbc6 12. c3 a6 13. Rd7 Rac8 14. Be3 Rfd8 15. Rad1 Bf6 16. Nc4 Rxd7 17. Rxd7 Nb8 18. Rd3 Nbc6 19. g4 Rd8 20. Rxd8+ Nxd8 21. g5 Bg7 22. Bg4 Nec6 23. b4 b5 24. Nb2 Bf8 25. Nd3 a5 26. a3 axb4 27. axb4 Bd6 28. h4 Kf8 29. h5 Ke7 30. Be2 Nb8 31. Nc5 c6 32. Nb7 Ne6 33. Kg2 Bc7 34. Kh3 Nd7 35. hxg6 hxg6 36. Kg4 Nb6 37. Na5 Kd7 38. c4 bxc4 39. Nxc4 Nd4 40. Bxd4 exd4 41. Nb2 Bd6 42. Nd3 Na4 43. e5 Be7 44. Bd1 Nc3 45. Bb3 Ke8 46. f4 Ne4 47. Ba4 Kd7 48. Bb3 Ke8 49. Ba4 Kd7 50. Kf3 Nc3 51. Bb3 Ke8 52. Bc4 Na4 53. Ke4 Kf8 54. Kxd4 Bxb4 55. Bb3 c5+ 56. Kc4 Nc3 57. e6 fxe6 58. Ne5 Nd5 59. Nxg6+ Kg7 60. f5 exf5 61. Nh4 Ne3+ 62. Kd3 f4 63. Ke4 c4 64. Bxc4 1/2-1/2

[Event "Wch Rapid"]
[Site "Samarkand"]
[Date "2023.12.28"]
[Round "10"]
[White "Rapport, Richard"]
[Black "Pichot, Alan"]
[Result "1-0"]
[WhiteElo "2731"]
[BlackElo "2651"]
[PlyCount "163"]
[EventDate "2023.12.26"]
[EventType "swiss (rapid)"]
[EventRounds "13"]
[EventCountry "UZB"]
[SourceTitle "CB01_2024"]
[SourceDate "2024.01.03"]
[SourceVersion "1"]
[SourceVersionDate "2024.01.03"]
[SourceQuality "1"]

1. g3 Nf6 2. Bg2 d5 3. Nf3 c5 4. 0-0 e6 5. d3 Nc6 6. a4 Be7 7. Na3 0-0 8. Bf4 b6 9. e4 Bb7 10. e5 Nd7 11. Re1 a6 12. h4 b5 13. axb5 axb5 14. Nxb5 Qb6 15. Nc3 Qxb2 16. Nxd5 Rxa1 17. Qxa1 Qxa1 18. Nxe7+ Nxe7 19. Rxa1 Ra8 20. Rxa8+ Bxa8 21. h5 Bd5 22. c4 Bc6 23. g4 h6 24. Kh2 Kf8 25. Kg3 Ke8 26. Bh3 Ba4 27. d4 Bc2 28. Bf1 Be4 29. Nd2 Bc2 30. dxc5 Nc6 31. Be3 Ndxe5 32. f4 Nd3 33. Ne4 Ndb4 34. Nd6+ Ke7 35. Bg2 Bd3 36. Bd2 f6 37. g5 Be2 38. Kh4 Kd7 39. gxh6 gxh6 40. f5 exf5 41. Bxh6 Nd3 42. Nxf5 Nde5 43. Bf4 Bxc4 44. h6 Ke6 45. Bh3 Bd3 46. Nd6+ Kd5 47. Be3 Ne7 48. Kg3 Ng8 49. Bg2+ Ke6 50. Ne4 Nxh6 51. Bxh6 Kd5 52. Nxf6+ Kxc5 53. Bf8+ Kd4 54. Bg7 Kc5 55. Kf4 Ng6+ 56. Ke3 Nh4 57. Bf8+ Kc4 58. Bd5+ Kc3 59. Ne4+ Kc2 60. Nc5 Bh7 61. Kf2 Kc3 62. Bg7+ Kb4 63. Ne4 Nf5 64. Bf8+ Kb5 65. Bf7 Kc6 66. Ng5 Nd6 67. Bxd6 Bf5 68. Bf4 Kc5 69. Ke3 Kc6 70. Kd4 Bg4 71. Bd5+ Kb5 72. Bd6 Kb6 73. Nf7 Bd7 74. Ne5 Bf5 75. Nc4+ Kb5 76. Bc5 Bg6 77. Nd6+ Ka5 78. Bc6 Ka6 79. Kc3 Ka5 80. Nc4+ Ka6 81. Kb4 Bh7 82. Nd6 1-0

[Event "Wch Rapid"]
[Site "Samarkand"]
[Date "2023.12.27"]
[Round "6"]
[White "Rapport, Richard"]
[Black "Paravyan, David"]
[Result "1/2-1/2"]
[WhiteElo "2731"]
[BlackElo "2612"]
[PlyCount "178"]
[EventDate "2023.12.26"]
[EventType "swiss (rapid)"]
[EventRounds "13"]
[EventCountry "UZB"]
[SourceTitle "CB01_2024"]
[SourceDate "2024.01.03"]
[SourceVersion "1"]
[SourceVersionDate "2024.01.03"]
[SourceQuality "1"]

1. Nf3 d5 2. g3 g6 3. Bg2 Bg7 4. d4 Nf6 5. 0-0 0-0 6. a4 c5 7. dxc5 Na6 8. Nc3 Nxc5 9. a5 e6 10. Be3 Qe7 11. Bd4 Rd8 12. Qc1 Bd7 13. h3 Rac8 14. Qe3 Be8 15. Rfd1 b5 16. axb6 axb6 17. Ne5 b5 18. Ra5 Nce4 19. Bb6 Nxc3 20. bxc3 Rd6 21. Ra7 Nd7 22. Bd4 Qd8 23. Ng4 f6 24. Rb7 h5 25. Nh2 e5 26. Ba7 Bf7 27. Rxb5 Nf8 28. Bc5 Rd7 29. Bb6 Qe8 30. Bxd5 Bxd5 31. Rbxd5 Rxd5 32. Rxd5 Qe6 33. Rd8 Qxh3 34. Qd3 Kh7 35. Nf3 Rxd8 36. Qxd8 Qf5 37. Qd1 g5 38. Be3 Ng6 39. c4 h4 40. Nh2 hxg3 41. fxg3 Qh3 42. Bf2 f5 43. Qf1 Qxf1+ 44. Nxf1 Ne7 45. e4 Kg6 46. g4 fxg4 47. Ne3 Nc6 48. Kg2 Kh5 49. Nd5 Bf8 50. Nf6+ Kg6 51. Nxg4 Kf7 52. Kf3 Ke6 53. Ke2 Be7 54. Nh6 Na5 55. c5 Kd7 56. Kd3 Ke6 57. Be3 Bf8 58. Bxg5 Bxc5 59. Nf5 Bf8 60. Bd2 Nb7 61. Kc4 Nc5 62. Ng3 Nb7 63. Bb4 Bxb4 64. Kxb4 Kf6 65. Kc4 Ke6 66. Nf5 Nd8 67. Kb5 Kf6 68. Nd6 Ne6 69. c3 Ng5 70. c4 Ke6 71. c5 Nf3 72. Kb6 Nd2 73. Kb7 Nb3 74. Kc6 Nd2 75. Kb6 Kd7 76. Kb5 Ke6 77. Kb4 Kd7 78. Kc3 Nf3 79. Nc4 Kc6 80. Kb4 Ng5 81. Nd2 Ne6 82. Nb3 Ng5 83. Nd2 Ne6 84. Nf3 Nxc5 85. Nxe5+ Kb6 86. Nc4+ Kc6 87. Na5+ Kd6 88. Nb7+ Nxb7 89. e5+ Kxe5 1/2-1/2

[Event "Gashimov Memorial Blitz 9th"]
[Site "Baku"]
[Date "2023.12.11"]
[Round "17"]
[White "Rapport, Richard"]
[Black "Erigaisi, Arjun Kumar"]
[Result "1-0"]
[WhiteElo "2731"]
[BlackElo "2727"]
[PlyCount "59"]
[EventDate "2023.12.11"]
[EventType "tourn (blitz)"]
[EventRounds "18"]
[EventCountry "AZE"]
[EventCategory "18"]
[SourceTitle "CB50_2023"]
[SourceDate "2023.12.13"]
[SourceVersion "1"]
[SourceVersionDate "2023.12.13"]
[SourceQuality "1"]

1. e4 c5 2. Nf3 e6 3. d3 d5 4. Nbd2 Nc6 5. g3 Nf6 6. Bg2 Be7 7. 0-0 Qc7 8. Re1 h6 9. a4 b6 10. e5 Nd7 11. Qe2 Bb7 12. Nb3 g5 13. a5 0-0-0 14. axb6 axb6 15. h3 h5 16. Nxg5 Rdf8 17. Nf3 b5 18. h4 d4 19. Bd2 Nb6 20. Na5 Ba8 21. Nxc6 Bxc6 22. Ra6 Nd5 23. Rea1 Bb7 24. Ra7 Kd7 25. c4 dxc3 26. bxc3 c4 27. Nd4 Bc5 28. Nxb5 cxd3 29. Qxd3 Qb6 30. Bxd5 1-0

[Event "Gashimov Memorial Blitz 9th"]
[Site "Baku"]
[Date "2023.12.11"]
[Round "9"]
[White "Rapport, Richard"]
[Black "Gelfand, Boris"]
[Result "1/2-1/2"]
[WhiteElo "2731"]
[BlackElo "2660"]
[PlyCount "102"]
[EventDate "2023.12.11"]
[EventType "tourn (blitz)"]
[EventRounds "18"]
[EventCountry "AZE"]
[EventCategory "18"]
[SourceTitle "CB50_2023"]
[SourceDate "2023.12.13"]
[SourceVersion "1"]
[SourceVersionDate "2023.12.13"]
[SourceQuality "1"]

1. e4 e5 2. Nc3 Nf6 3. Bc4 Bc5 4. Nf3 d6 5. d3 c6 6. Ne2 0-0 7. Bb3 Nbd7 8. Ng3 Bb6 9. c3 d5 10. exd5 Nxd5 11. 0-0 Bc7 12. Re1 Re8 13. Bc2 Nf8 14. d4 exd4 15. Rxe8 Qxe8 16. Nxd4 Ng6 17. Bd2 Qe7 18. Qh5 Ndf4 19. Bxf4 Bxf4 20. Kf1 Bd7 21. Re1 Qg5 22. Nf3 Qxh5 23. Nxh5 Bc7 24. Bb3 Re8 25. Rd1 Bg4 26. Ng3 Rd8 27. Rxd8+ Bxd8 28. Nd4 Bd7 29. Ne4 Be7 30. g3 Ne5 31. Ke2 c5 32. Nf3 Bg4 33. Ned2 Nxf3 34. Nxf3 Kf8 35. Bd5 b6 36. Kd3 Bf6 37. Nd2 Bd7 38. Nf1 Be7 39. Ne3 g6 40. Bc4 Bd6 41. Bd5 Ke7 42. Bg2 Be5 43. f4 Bg7 44. Nd5+ Kd6 45. Ne3 Be6 46. b3 b5 47. c4 b4 48. Bd5 Bd4 49. Bxe6 Kxe6 50. Ke4 f5+ 51. Kf3 Bxe3 1/2-1/2

[Event "Gashimov Memorial Rapid 9th"]
[Site "Baku"]
[Date "2023.12.10"]
[Round "8"]
[White "Erigaisi, Arjun Kumar"]
[Black "Rapport, Richard"]
[Result "1-0"]
[WhiteElo "2727"]
[BlackElo "2731"]
[PlyCount "149"]
[EventDate "2023.12.08"]
[EventType "tourn (rapid)"]
[EventRounds "9"]
[EventCountry "AZE"]
[EventCategory "18"]
[SourceTitle "CB50_2023"]
[SourceDate "2023.12.13"]
[SourceVersion "1"]
[SourceVersionDate "2023.12.13"]
[SourceQuality "1"]

1. d4 Nf6 2. c4 e6 3. Nf3 d5 4. Nc3 Nbd7 5. Bg5 c6 6. cxd5 exd5 7. e3 Be7 8. Bd3 Nh5 9. Bxe7 Qxe7 10. 0-0 0-0 11. Qb1 Nhf6 12. b4 a5 13. b5 c5 14. dxc5 Nxc5 15. Nd4 b6 16. Bc2 Bb7 17. Qb2 Rac8 18. Rac1 g6 19. Rfd1 Rfd8 20. h3 Nfe4 21. Bb1 Qf6 22. Qe2 Kg7 23. Qf3 Qxf3 24. gxf3 Nxc3 25. Rxc3 Na4 26. Rxc8 Rxc8 27. Bd3 Kf6 28. Kg2 Rc3 29. Bc2 Nb2 30. Ra1 Bc8 31. f4 Nc4 32. Bb3 Be6 33. Rd1 a4 34. Ne2 Rxb3 35. axb3 axb3 36. Nc3 b2 37. Kf3 Na3 38. Nb1 Nc4 39. Nc3 g5 40. e4 dxe4+ 41. Kxe4 Na3 42. fxg5+ Kxg5 43. Ke5 Bxh3 44. Rg1+ Kh4 45. Kf4 h5 46. Rh1 f6 47. Nb1 Nxb5 48. Nd2 Nd4 49. Ke4 b1Q+ 50. Nxb1 Ne6 51. Nd2 Ng5+ 52. Kf4 b5 53. Nf3+ Nxf3 54. Kxf3 b4 55. Kf4 b3 56. f3 b2 57. Rg1 Be6 58. Rh1+ Bh3 59. Rb1 Bd7 60. Rxb2 Kh3 61. Rb7 Ba4 62. Rf7 Kg2 63. Rxf6 h4 64. Ra6 Bb3 65. Rb6 Bd5 66. Rb2+ Kh3 67. Rd2 Bb7 68. Rd7 Bc6 69. Rg7 Kh2 70. Ke3 h3 71. f4 Bg2 72. Kf2 Be4 73. Re7 Bg6 74. Re5 Kh1 75. Kg3 1-0

[Event "Gashimov Memorial Rapid 9th"]
[Site "Baku"]
[Date "2023.12.09"]
[Round "5"]
[White "Mamedov, Rauf"]
[Black "Rapport, Richard"]
[Result "0-1"]
[WhiteElo "2651"]
[BlackElo "2731"]
[PlyCount "114"]
[EventDate "2023.12.08"]
[EventType "tourn (rapid)"]
[EventRounds "9"]
[EventCountry "AZE"]
[EventCategory "18"]
[SourceTitle "CB50_2023"]
[SourceDate "2023.12.13"]
[SourceVersion "1"]
[SourceVersionDate "2023.12.13"]
[SourceQuality "1"]

1. Nf3 d5 2. g3 Nc6 3. Bg2 e5 4. d3 Be7 5. 0-0 Nf6 6. Nbd2 e4 7. dxe4 dxe4 8. Ng5 e3 9. fxe3 0-0 10. Nde4 Qxd1 11. Rxd1 Bf5 12. Nxf6+ Bxf6 13. e4 Bg4 14. Nf3 Rae8 15. h3 Bc8 16. Ne1 Nd4 17. Kf2 Nb5 18. Nd3 b6 19. a4 Nd4 20. Bf4 g5 21. Bxc7 Nxc2 22. e5 Nxa1 23. exf6 Nb3 24. Bd6 Re6 25. Be7 Nd4 26. Nf4 gxf4 27. Rxd4 fxg3+ 28. Kxg3 Re8 29. b4 Kh8 30. Bf3 Re5 31. h4 Rg8+ 32. Kf2 Rf5 33. Ke3 Be6 34. Kd2 h5 35. Ke3 Rg1 36. Rd8+ Rg8 37. Rd4 Rc8 38. Bb7 Rc3+ 39. Kd2 Rc4 40. Rd8+ Kh7 41. Ba6 Rxh4 42. Bd3 Rhf4 43. Bd6 Rd4 44. Ke3 Rxd3+ 45. exd3 h4 46. Ra8 a5 47. b5 Bb3 48. Ke4 Rh5 49. Rb8 Bxa4 50. Rxb6 Bxb5 51. d4 Bc4 52. Be5 h3 53. Rb2 a4 54. Rb4 Bd5+ 55. Ke3 a3 56. Ra4 h2 57. Bxh2 Rxh2 0-1

[Event "Sinquefield Cup 10th"]
[Site "Saint Louis"]
[Date "2023.11.23"]
[Round "3"]
[White "Rapport, Richard"]
[Black "Firouzja, Alireza"]
[Result "1/2-1/2"]
[WhiteElo "2748"]
[BlackElo "2777"]
[PlyCount "70"]
[EventDate "2023.11.21"]
[EventType "tourn"]
[EventRounds "9"]
[EventCountry "USA"]
[EventCategory "21"]
[SourceTitle "CB49_2023"]
[SourceDate "2023.12.06"]
[SourceVersion "1"]
[SourceVersionDate "2023.12.06"]
[SourceQuality "1"]

1. e4 e5 2. Nf3 Nf6 3. Nxe5 d6 4. Nf3 Nxe4 5. Nc3 Nxc3 6. dxc3 Be7 7. Bf4 0-0 8. Qd2 Nd7 9. 0-0-0 Nb6 10. Bd3 d5 11. h4 c5 12. Ng5 h6 13. c4 f5 14. Qe3 Bf6 15. Ne6 Bxb2+ 16. Kb1 Bd4 17. Nxd4 Re8 18. Bc7 cxd4 19. Bxd8 dxe3 20. Bxb6 axb6 21. cxd5 exf2 22. Rhf1 Ra4 23. Rxf2 Rxh4 24. Bxf5 Rb4+ 25. Ka1 Bxf5 26. Rxf5 Rd8 27. d6 Rd7 28. a3 Rc4 29. Kb2 Rc6 30. Rfd5 Kf7 31. R5d3 Ke6 32. Re1+ Kf7 33. Red1 Ke6 34. Re1+ Kf7 35. Red1 Ke6 1/2-1/2

[Event "EU-chT 24th"]
[Site "Budva"]
[Date "2023.11.17"]
[Round "6.1"]
[White "Keymer, Vincent"]
[Black "Rapport, Richard"]
[Result "1-0"]
[WhiteElo "2721"]
[BlackElo "2748"]
[PlyCount "169"]
[EventDate "2023.11.11"]
[EventType "team-swiss"]
[EventRounds "9"]
[EventCountry "MNE"]
[SourceTitle "CB47_2023"]
[SourceDate "2023.11.22"]
[SourceVersion "1"]
[SourceVersionDate "2023.11.22"]
[SourceQuality "1"]
[WhiteTeam "Germany"]
[BlackTeam "Romania"]
[WhiteTeamCountry "GER"]
[BlackTeamCountry "ROU"]

1. d4 Nf6 2. c4 g6 3. Nc3 d5 4. Nf3 Bg7 5. h4 0-0 6. cxd5 Nxd5 7. h5 c5 8. hxg6 hxg6 9. Bh6 Nxc3 10. bxc3 Bxh6 11. Rxh6 Kg7 12. Qd2 cxd4 13. cxd4 Nc6 14. Rh4 Qa5 15. e4 f6 16. d5 Qxd2+ 17. Kxd2 Nd8 18. Bd3 e5 19. Rah1 Nf7 20. Rh7+ Kg8 21. Bc4 Rd8 22. Ne1 Rd6 23. Nd3 Bd7 24. Nc5 Rc8 25. Nxb7 Rb6 26. Na5 Rc5 27. d6 Rxd6+ 28. Ke3 Rxc4 29. Nxc4 Ra6 30. a4 Bxa4 31. Kd2 Bb5 32. Nb2 Ra2 33. Kc3 Bd7 34. f3 a5 35. R7h2 Ra3+ 36. Kc2 Be6 37. Nd3 Ra2+ 38. Kb1 Rd2 39. Nc5 Bc4 40. Kc1 Rd6 41. Kb2 Rc6 42. Na4 Bb5 43. Nc3 Bc4 44. Ra1 Rb6+ 45. Kc1 Ra6 46. Rh1 Bb3 47. Kd2 a4 48. Rhb1 Rd6+ 49. Ke1 Rd4 50. Ne2 Rb4 51. Nc1 Nd6 52. Nxb3 axb3 53. Ra3 b2 54. Ra8+ Kg7 55. Kd2 f5 56. exf5 Nxf5 57. Ra2 e4 58. Raxb2 Rxb2+ 59. Rxb2 exf3 60. gxf3 Kf6 61. Rb6+ Kg5 62. Ke2 Ne7 63. Re6 Nf5 64. Ra6 Ng3+ 65. Ke3 Kf5 66. Ra8 Ke5 67. f4+ Kf6 68. Kf3 Nh5 69. Ra5 Kf7 70. Ra7+ Kf6 71. Kg4 Ng7 72. Ra6+ Kf7 73. Rb6 Ne6 74. Kf3 Nf8 75. Rb7+ Ke6 76. Ra7 Kf6 77. Ke4 Ke6 78. Ra6+ Ke7 79. Kd5 Kf7 80. Rd6 Ke7 81. Ke5 Kf7 82. Rf6+ Ke7 83. Rxf8 Kxf8 84. Kf6 g5 85. fxg5 1-0

[Event "EU-chT 24th"]
[Site "Budva"]
[Date "2023.11.12"]
[Round "2.11"]
[White "Rapport, Richard"]
[Black "Bjerre, Jonas Buhl"]
[Result "1/2-1/2"]
[WhiteElo "2748"]
[BlackElo "2633"]
[PlyCount "51"]
[EventDate "2023.11.11"]
[EventType "team-swiss"]
[EventRounds "9"]
[EventCountry "MNE"]
[SourceTitle "CB47_2023"]
[SourceDate "2023.11.22"]
[SourceVersion "1"]
[SourceVersionDate "2023.11.22"]
[SourceQuality "1"]
[WhiteTeam "Romania"]
[BlackTeam "Denmark"]
[WhiteTeamCountry "ROU"]
[BlackTeamCountry "DEN"]

1. e4 e5 2. Nf3 Nc6 3. Bc4 Bc5 4. c3 Nf6 5. d3 0-0 6. Nbd2 d5 7. exd5 Nxd5 8. Ne4 Be7 9. 0-0 Nb6 10. Bb3 Bf5 11. a4 a5 12. Be3 Nd5 13. Bc4 Qd7 14. Qb3 Rad8 15. h3 h6 16. Rad1 Bg6 17. Nc5 Bxc5 18. Bxc5 Rfe8 19. Rd2 Nf4 20. Be3 Nxd3 21. Qxb7 Rb8 22. Qa6 Ra8 23. Qb5 Rab8 24. Qa6 Ra8 25. Qb5 Rab8 26. Qa6 1/2-1/2